QCM Harry Potter Difficile FRANCAIS - Statistiques

Statistiques générales
  • Ce quiz a été pris 2 846 fois
  • Le résultat moyen est 9 sur 15
Statistiques - réponses
Question Réponse % Correct
Quel mot est bien écrit ? Azkaban
92%
Devant Marge Dursley, Harry prétend avoir été envoyé dans un collège quel est son nom ? Saint Brutus
82%
Quel est le prénom de la petite soeur de Fleur Delacour ? Gabrielle
75%
Qui le baron Sanglant a-t-il tué ? Helena Serdaigle
73%
Que signifie le A dans les initiales R.A.B ? Arcturus
68%
Quel sort Hermione utilise-t-elle pour que les oiseaux en papier attaquent Ron ? (HP6) Oppugno
67%
Ou la bague de Gaunt est-elle retrouvée par Dumbledore ? Dans les ruines de la maison des Gaunt
60%
Quel est l'épitaphe de la tombe de Dobby ? CI-GÎT DOBBY, ELFE LIBRE
47%
Qu'est ce qui n’apparaît pas dans la liste des fournitures scolaires en première année ? Un set de cuillère de mesure
46%
Combien vaut un Gallion ? 17 mornilles
45%
Quel est le score du 1er match que dispute Harry ? 170 à 60 pour les Gryffondors
44%
Qui Draco Malfoy a-t-il épousé ? Astoria Greengrass
44%
Quel est le titre du 1er chapitre du livre 4 ? La maison des "jeux du sort"
43%
Quelle friandise n'est pas une invention des Weasley ? Les chewing gums Dans-les-vapes
43%
En quel année se déroule l'épilogue ? 2017
28%
Aucun quiz correspondant
Distribution des résultats
% des personnes avec chaque résultat
Percentile par nombre de réponses
Votre historique - résultats
Vous n’avez pas pris ce quiz